|
|
|
|
| LEADER |
00000nab a2200000 a 4500 |
| 001 |
vtls000131609 |
| 003 |
SK-MaSNL |
| 005 |
20260303032250.0 |
| 008 |
111104c1982 xo 0 slo |
| 015 |
|
|
|a SNBRB19rr/mm-uuuuu
|
| 035 |
|
|
|a CL0141715
|
| 040 |
|
|
|a SNKBUCL
|b slo
|c SNKBUCL
|e AACR2
|
| 041 |
0 |
|
|a slo
|
| 044 |
|
|
|a xo
|c SK
|
| 080 |
|
|
|a 328(460)
|2 1981
|
| 080 |
|
|
|a 323(100-12)(460)
|2 1981
|
| 100 |
1 |
|
|a Baník, Oto
|4 aut
|9 931440
|
| 245 |
1 |
0 |
|a Kroky do neznáma
|b K nástupu vlády F. Gonzaleza v Španielsku
|c Oto Baník
|
| 610 |
2 |
7 |
|a Španielska robotnícka socialistická strana
|2 snkbucl
|9 1014948
|
| 650 |
0 |
7 |
|a vládne programy a projekty
|2 SNKPH
|9 92172
|
| 655 |
|
7 |
|a články z novín a časopisov
|2 snkbucl
|9 267496
|
| 773 |
0 |
|
|t Smena
|g Roč. 35, č. 288 (4. 12. 1982), s. 2
|
| 850 |
|
|
|a Slovenská národná knižnica v Martine
|a MTA001
|
| 852 |
|
|
|a SNK
|b KIS3GCP
|
| 958 |
|
|
|a RK
|
| 992 |
|
|
|a RBX
|
| 999 |
|
|
|c 1663375
|d 1665305
|